1338 1626 1304 1337 1904 1416 1365 1995 1112 1056 1702 1113 1895 1122 1358 1106 1919 1693 1473 1662 1560 1109 1435 1229 1006 1054 1364 1463 1606 1702 1616 1660 1541 1757 1383 1390 1496 1867 1603 1479 1383 1317 1700 1005 1365 1269 1516 1515 1282 1070 1690 1608 1960 1117 1572 1171 1129 1701 1268 1135 1413 1614 1334 1986 1399 1282 1516 1275 1365 1037 1990 1892 1696 1949 1299 1597 1488 1642 1338 1439 1683 1828 1612 1674 1495 1914 1920 1603 1398 1580 1635 1409 1387 1946 1678 1464 1106 1559 1393 BCNSPRNW ULIB Ver.6.0+V

เปลี่ยนเป็นภาษาไทย

Change to English
 แสดงรายละเอียดบรรณานุกรม
  กลับหน้าหลัก

Brief Record : Get Marc (ISO 2709) : E-mail record : QR code < ปิดหน้าต่าง
LEADER : 00000nam 2200000uu 4500
001    13399113899
003     ULIB
008    120112s||||||||th 000 0 tha d
020    ^a9749240537
050  4 ^aนว ^bย232 2547
100 0  ^aยาขอบ
240 10 ^a[สามก๊ก]
245 10 ^aตั้งโต๊ะ :^bผู้ถูกแช่งทั้งสิบทิศ /^cยาขอบ
250    ^aพิมพ์ครั้งที่ 15
260    ^aกรุงเทพฯ :^bดอกหญ้า 2545 ;^c2547
300    ^a158 หน้า :^bภาพประกอบ ;^c21 ซม.
440  0 ^aสามก๊กฉบับวณิพก
650  4 ^aพงศาวดารจีน
650  4 ^aวรรณกรรมกับประวัติศาสตร์^zจีน
650  4 ^aวรรณกรรมจีน
650  4 ^aสามก๊ก^xตัวละครและลักษณะนิสัย
653    ^aตั๋งโต๊ะ
945    ^p100^l0^i15400
995    ^aกัณชพร
999 ^a ใช้งานได้ทุกระบบ
รายการนี้ยังไม่มีแท็ก
คุณยังไม่ได้ล็อกอิน คุณสามารถมีกิจกรรมร่วมกับเว็บไซต์ได้ แต่ต้องล็อกอินก่อน ::
  ล็อกอิน

รายการสื่อสารสนเทศ

ลำดับที่ ประเภท เลขเรียก/บาร์โค้ด สถานที่ สถานะ
1. วิทยาศาสตร์การแพทย์ และสุขภาพ
วิทยาศาสตร์การแพทย์ และสุขภาพ
นว ย232 2547  
  Barcode: 15400
ห้องสมุดวิทยาเขตสวรรค์ประชารักษ์
►นวนิยาย
บนชั้น
  ขอยืม

รายการใกล้เคียง
    ผู้แต่ง [ยาขอบ]

    หัวเรื่อง [พงศาวดารจีน]
    หัวเรื่อง [วรรณกรรมจีน]

BibComment


ยังไม่เคยถูกคอมเมนท์

คอมเมนท์ทรัพยากรรายการนี้
  คอมเมนท์: ตั้งโต๊ะ ผู้ถูก..


 Copyright 2026. Bcnsprnw @Library